Pakistan, a dream gone sour /

Bibliographic Details
Main Author: Khan, Roedad, 1923-
Format: Book
Language:English
Published: Karachi ; New York : Oxford University Press, 1997.
Subjects:

MARC

Tag First Indicator Second Indicator Subfields
LEADER 00000cam a2200000 a 4500
001 in00001407575
005 20151020062231.0
008 980218s1997 pk ac 000 0 eng d
020 |a 019577776X 
035 |a (OCoLC)38466752 
035 |9 AHP1026AM 
040 |a IWA  |c IWA  |d TXA  |d UtOrBLW 
049 |a TXAM 
090 |a DS383.5.A2  |b K43 1997 
100 1 |a Khan, Roedad,  |d 1923- 
245 1 0 |a Pakistan, a dream gone sour /  |c Roedad Khan. 
264 1 |a Karachi ;  |a New York :  |b Oxford University Press,  |c 1997. 
300 |a xv, 263 pages :  |b illustrations, portraits ;  |c 23 cm. 
336 |a text  |b txt  |2 rdacontent 
337 |a unmediated  |b n  |2 rdamedia 
338 |a volume  |b nc  |2 rdacarrier 
504 |a Includes bibliographical references and index. 
651 0 |a Pakistan  |x History. 
651 0 |a Pakistan  |x Politics and government. 
650 0 |a Presidents  |z Pakistan. 
948 |a c:jal 
999 |a MARS 
999 f f |s ee8307e4-6219-3cad-a0b4-8b4c94b00039  |i 1cf0306a-59af-3d5d-9d84-3b69d4ba85d6  |t 0 
952 f f |p ric  |a Texas A&M University  |b Rellis Campus  |c Joint Library Facility  |d Remote Storage  |t 0  |e DS383.5.A2 K43 1997  |h Library of Congress classification  |i unmediated -- volume  |m A14822403051 
998 f f |a DS383.5.A2 K43 1997  |t 0  |l Remote Storage